[Event "RUS-chT U14 final"]
[Site "Sochi"]
[Date "2019.05.09"]
[Round "8.4"]
[White "Tetyuev, Stepan"]
[Black "Maisakov, Mikhail"]
[Result "0-1"]
[WhiteElo "1383"]
[BlackElo "1576"]
[PlyCount "64"]
[EventDate "2019.05.01"]
[EventType "team-tourn"]
[EventRounds "9"]
[EventCountry "RUS"]
[SourceTitle "CBM 190 Extra"]
[Source "ChessBase"]
[SourceDate "2019.07.15"]
[SourceVersion "1"]
[SourceVersionDate "2019.07.15"]
[SourceQuality "1"]

1. e4 c6 2. d4 d5 3. exd5 cxd5 4. Bd3 Nf6 5. Bf4 Nc6 6. c3 Bg4 7. Qb3 Qd7 8. Nd2 e6 9. Ngf3 Bxf3 10. Nxf3 Bd6 11. Bxd6 Qxd6 12. 0-0 0-0 13. Rfe1 a6 14. Ne5 Qc7 15. Re3 g6 16. Rae1 Nxe5 17. Rxe5 Ng4 18. Qd1 Nxe5 19. Rxe5 f6 20. Re3 e5 21. dxe5 fxe5 22. Rg3 Qc5 23. Qe2 e4 24. Bc2 Rf6 25. Kh1 Qxf2 26. Qxf2 Rxf2 27. Kg1 Rxc2 28. Rg5 Rf8 29. h3 Rf5 30. Rg3 Rxb2 31. a4 Kg7 32. c4 d4 0-1

[Event "RUS-chT U14 final"]
[Site "Sochi"]
[Date "2019.05.08"]
[Round "7.4"]
[White "Maisakov, Mikhail"]
[Black "Cherniaev, Danil"]
[Result "1/2-1/2"]
[WhiteElo "1576"]
[BlackElo "1592"]
[PlyCount "68"]
[EventDate "2019.05.01"]
[EventType "team-tourn"]
[EventRounds "9"]
[EventCountry "RUS"]
[SourceTitle "CBM 190 Extra"]
[Source "ChessBase"]
[SourceDate "2019.07.15"]
[SourceVersion "1"]
[SourceVersionDate "2019.07.15"]
[SourceQuality "1"]

1. e4 c6 2. Nc3 d5 3. Qe2 d4 4. Nd1 e5 5. g3 Nf6 6. f4 Bg4 7. Nf3 exf4 8. gxf4 d3 9. cxd3 Nh5 10. f5 Bc5 11. Qg2 Bxf3 12. Qxf3 Qh4+ 13. Nf2 Nd7 14. Be2 g6 15. Qg2 Ne5 16. Kf1 Nf4 17. Qg3 Bxf2 18. Qxf2 Qh3+ 19. Kg1 gxf5 20. Qxf4 Rg8+ 21. Kf2 Rg2+ 22. Ke1 Rxe2+ 23. Kxe2 Qg2+ 24. Ke3 Ng4+ 25. Kd4 Qxh1 26. Qxf5 Qg1+ 27. Kc3 Rd8 28. Kc2 Qd4 29. Qxg4 Qxd3+ 30. Kd1 Qf1+ 31. Kc2 Qd3+ 32. Kd1 Qf1+ 33. Kc2 Qd3+ 34. Kd1 Qf1+ 1/2-1/2

[Event "RUS-chT U14 final"]
[Site "Sochi"]
[Date "2019.05.04"]
[Round "4.4"]
[White "Shadyev, Damir"]
[Black "Maisakov, Mikhail"]
[Result "1/2-1/2"]
[WhiteElo "1442"]
[BlackElo "1576"]
[PlyCount "129"]
[EventDate "2019.05.01"]
[EventType "team-tourn"]
[EventRounds "9"]
[EventCountry "RUS"]
[SourceTitle "CBM 190 Extra"]
[Source "ChessBase"]
[SourceDate "2019.07.15"]
[SourceVersion "1"]
[SourceVersionDate "2019.07.15"]
[SourceQuality "1"]

1. e4 e5 2. Nf3 Nc6 3. Bb5 a6 4. Ba4 Nf6 5. d3 Bc5 6. 0-0 d6 7. c3 b5 8. Bb3 Be6 9. Nbd2 0-0 10. h3 Qd7 11. Re1 Bb6 12. Nf1 Rfe8 13. Ng3 h6 14. Bc2 d5 15. Qe2 dxe4 16. dxe4 Bc4 17. Qd1 Qxd1 18. Rxd1 Rad8 19. Be3 Bxe3 20. fxe3 g6 21. b3 Be6 22. Rd3 Rxd3 23. Bxd3 Rd8 24. Rd1 Kf8 25. Kf2 Ne8 26. Be2 Rxd1 27. Bxd1 f6 28. Ke2 Nb8 29. Kd2 Nd7 30. Be2 Nc5 31. Ne1 Nd6 32. Bf3 Nd7 33. Nd3 a5 34. Kc2 c5 35. Ne2 c4 36. Nf2 Nc5 37. b4 axb4 38. cxb4 Nd3 39. Nxd3 cxd3+ 40. Kxd3 Bxa2 41. Nc3 Bc4+ 42. Kd2 f5 43. exf5 gxf5 44. Bd5 Bxd5 45. Nxd5 Kf7 46. Ke2 Ke6 47. Nc7+ Kf6 48. Nd5+ Kg5 49. Kf3 h5 50. g3 h4 51. Nc3 hxg3 52. Kxg3 Kh5 53. h4 Nc4 54. Kf3 Nd6 55. Kg3 Nc4 56. Kf3 Kxh4 57. Nxb5 Kg5 58. Nc3 Nb6 59. b5 Kf6 60. e4 fxe4+ 61. Kxe4 Ke6 62. Ne2 Nc4 63. Nc3 Nd6+ 64. Kd3 Nxb5 65. Nxb5 1/2-1/2

[Event "RUS-chT U14 final"]
[Site "Sochi"]
[Date "2019.05.02"]
[Round "2.4"]
[White "Ivanova, Maria1"]
[Black "Maisakov, Mikhail"]
[Result "0-1"]
[WhiteElo "1310"]
[BlackElo "1576"]
[PlyCount "144"]
[EventDate "2019.05.01"]
[EventType "team-tourn"]
[EventRounds "9"]
[EventCountry "RUS"]
[SourceTitle "CBM 190 Extra"]
[Source "ChessBase"]
[SourceDate "2019.07.15"]
[SourceVersion "1"]
[SourceVersionDate "2019.07.15"]
[SourceQuality "1"]

1. e4 c6 2. d4 d5 3. exd5 cxd5 4. c4 Nf6 5. Nc3 g6 6. Nf3 Bg7 7. Be3 0-0 8. Bd3 Nc6 9. a3 Bg4 10. c5 Ne8 11. Be2 e6 12. Qd2 Bxf3 13. Bxf3 b6 14. b4 bxc5 15. bxc5 Rb8 16. 0-0 Qa5 17. Rfd1 Nc7 18. Ne2 Qxd2 19. Rxd2 Rb3 20. Nc1 Rc3 21. Ne2 Rxc5 22. dxc5 Bxa1 23. Ra2 Bf6 24. Rd2 Rb8 25. Rd1 Rb3 26. Bc1 Na6 27. Be3 Rxa3 28. g3 Ra1 29. Rxa1 Bxa1 30. Kf1 Bf6 31. Nc1 Bd4 32. Nb3 Bf6 33. Ke2 Nab4 34. Bd2 Kf8 35. Bxb4 Nxb4 36. Kd2 Nc6 37. Kc2 Bd4 38. Kd3 Bxf2 39. Ke2 Nd4+ 40. Kxf2 Nxb3 41. c6 Ke7 42. Bd1 Na5 43. Ba4 Kd6 44. c7 Kxc7 45. Be8 f6 46. Bf7 Kd6 47. Bg8 h6 48. Bh7 g5 49. Bd3 g4 50. Ke3 Ke5 51. Be2 Nc4+ 52. Kd3 h5 53. Kc3 Ke4 54. Bd3+ Kf3 55. Bg6 Ne5 56. Bxh5 Kg2 57. Kc2 Kxh2 58. Kd2 Kxg3 59. Ke3 a5 60. Be8 Kh2 61. Bb5 g3 62. Bf1 g2 63. Bxg2 Kxg2 64. Ke2 f5 65. Ke3 a4 66. Kd2 f4 67. Kc2 f3 68. Kc3 Nc4 69. Kc2 f2 70. Kc3 f1Q 71. Kd4 Qf2+ 72. Kc3 Qd2# 0-1